00471nam a2200181 a 4500001001300000003000900013005001700022008004100039020001000080082001700090100001400107245002600121260004400147300000900191500003500200505002600235650002800261nice12345678IN_TiNIC20260116014246.0050524s1992 dela grp 000 0 eng  ac25000a891.51bFIR2 aFirdusi,  aShah-Namaa of Fardusi aDelhibInternational Publicationsc1992 a551p aincludes index and biblioraphy2 aIndex, Quranic Verses aPersian Poetry-Firdausi